<?xml version="1.0" encoding="UTF-8"?><?xml-stylesheet type="text/xsl" href="static/style.xsl"?><OAI-PMH xmlns="http://www.openarchives.org/OAI/2.0/" xmlns:xsi="http://www.w3.org/2001/XMLSchema-instance" xsi:schemaLocation="http://www.openarchives.org/OAI/2.0/ http://www.openarchives.org/OAI/2.0/OAI-PMH.xsd"><responseDate>2026-04-28T21:13:07Z</responseDate><request verb="GetRecord" identifier="oai:uvadoc.uva.es:10324/5576" metadataPrefix="marc">https://uvadoc.uva.es/oai/request</request><GetRecord><record><header><identifier>oai:uvadoc.uva.es:10324/5576</identifier><datestamp>2021-06-29T10:00:21Z</datestamp><setSpec>com_10324_38</setSpec><setSpec>col_10324_852</setSpec></header><metadata><record xmlns="http://www.loc.gov/MARC21/slim" xmlns:doc="http://www.lyncode.com/xoai" xmlns:xsi="http://www.w3.org/2001/XMLSchema-instance" xmlns:dcterms="http://purl.org/dc/terms/" xsi:schemaLocation="http://www.loc.gov/MARC21/slim http://www.loc.gov/standards/marcxml/schema/MARC21slim.xsd">
<leader>00925njm 22002777a 4500</leader>
<datafield tag="042" ind1=" " ind2=" ">
<subfield code="a">dc</subfield>
</datafield>
<datafield tag="720" ind1=" " ind2=" ">
<subfield code="a">Valer López, Ianire</subfield>
<subfield code="e">author</subfield>
</datafield>
<datafield tag="260" ind1=" " ind2=" ">
<subfield code="c">2014</subfield>
</datafield>
<datafield tag="520" ind1=" " ind2=" ">
<subfield code="a">En esta investigación, se ha desarrollado un marco teórico y un análisis empírico, cualitativo, donde se evidencian algunos problemas y los cambios producidos sobre el tema en cuestión, mediante informantes clave de dos instituciones importantes en asuntos de discapacidad: Grupo Fundosa y Technosite. A través de entrevistas en profundidad como técnica de obtención de información, observamos la situación hoy en día en España, las diferentes barreras con las que se encuentran los discapacitados a la hora de acceder a las redes sociales y las soluciones que se deberían llevar a cabo para favorecer la vida y su integración social.</subfield>
</datafield>
<datafield tag="024" ind2=" " ind1="8">
<subfield code="a">http://uvadoc.uva.es/handle/10324/5576</subfield>
</datafield>
<datafield ind1=" " ind2=" " tag="653">
<subfield code="a">Ordenadores y discapacitados</subfield>
</datafield>
<datafield ind1=" " ind2=" " tag="653">
<subfield code="a">Accesibilidad para personas con discapacidad</subfield>
</datafield>
<datafield tag="245" ind1="0" ind2="0">
<subfield code="a">Emociones, experiencias y realidades aumentadas en un entorno 3.0. Percepciones sobre accesibilidad web para discapacitados en España</subfield>
</datafield>
</record></metadata></record></GetRecord></OAI-PMH>